ARRUPE JESUIT UNIVERSITY

CORONAVIRUS -STOP THE SPREAD - CLEAN,DISINFECT,COVER

Education answers back (Record no. 1556)

MARC details
000 -LEADER
fixed length control field 00564nam a2200229Ia 4500
003 - CONTROL NUMBER IDENTIFIER
control field 0100
008 - FIXED-LENGTH DATA ELEMENTS--GENERAL INFORMATION
fixed length control field 130227s9999 xx 000 0 und d
040 ## - CATALOGING SOURCE
Transcribing agency ARRUPELIB
050 ## - LIBRARY OF CONGRESS CALL NUMBER
Classification number LC93.G7E3725
245 ## - TITLE STATEMENT
Title Education answers back
245 ## - TITLE STATEMENT
Remainder of title critical responses to government policy
260 ## - PUBLICATION, DISTRIBUTION, ETC. (IMPRINT)
Place of publication, distribution, etc London
260 ## - PUBLICATION, DISTRIBUTION, ETC. (IMPRINT)
Name of publisher, distributor, etc Lawrence & Wishart
260 ## - PUBLICATION, DISTRIBUTION, ETC. (IMPRINT)
-- 1993
300 ## - PHYSICAL DESCRIPTION
Extent 181p.
300 ## - PHYSICAL DESCRIPTION
Other physical details 23 cm
650 ## - SUBJECT ADDED ENTRY--TOPICAL TERM
Topical term following geographic name as entry element Theology - Study & teaching
650 ## - SUBJECT ADDED ENTRY--TOPICAL TERM
Location of event Church
650 ## - SUBJECT ADDED ENTRY--TOPICAL TERM
Active dates Clergy
700 ## - ADDED ENTRY--PERSONAL NAME
Personal name Simon, Brian ; Chitty, Clyde (ed.)
942 ## - ADDED ENTRY ELEMENTS (KOHA)
Source of classification or shelving scheme Library of Congress Classification
Koha issues (borrowed), all copies 1
Holdings
Withdrawn status Lost status Source of classification or shelving scheme Damaged status Not for loan Collection code Home library Current library Shelving location Date acquired Total Checkouts Full call number Barcode Date last seen Date last borrowed Copy number Price effective from Koha item type
    Library of Congress Classification     Main Collection ARRUPE LIBRARY ARRUPE LIBRARY   27/02/2013 2 LC93.G7E3725 46402416 28/06/2018 16/11/2015 1 27/02/2013 Monograph ( Printed materials)

 

Arrupe Library. PO Box MP320 Mt Pleasant, Harare, Zimbabwe
263 242 745411|librarian@aju.ac.zw